Phân tích, đánh giá khả năng Nitrat hóa của đất trồng rau trên địa bàn thành phố Đà Nẵng bằng phương pháp trắc quang phân tử UV - VIS
Các phương pháp xác định hàm lượng Nitrat, phương pháp trắc quang phân tử UV - VIS, tài nguyên đất và nitơ trong đất. Xác định hàm lượng nitrat trong đất khu vực Liên Chiểu, Cẩm Lệ, Hòa Khánh Nam, Hòa Minh - TP. Đà Nẵng...
Na minha lista:
| Autor principal: | |
|---|---|
| Outros Autores: | |
| Formato: | Livro |
| Idioma: | Vietnamese |
| Publicado em: |
Đà Nẵng
ĐH Sư phạm Đà Nẵng
2011
|
| Colecção: | Nghiên cứu khoa học.
|
| Assuntos: | |
| Tags: |
Adicionar Tag
Sem tags, seja o primeiro a adicionar uma tag!
|
| Thư viện lưu trữ: | Mạng thư viện Đại học Đà Nẵng |
|---|
| LEADER | 01669nam a2200373 4500 | ||
|---|---|---|---|
| 001 | 000012802 | ||
| 003 | 9125 | ||
| 005 | 20120229070230.0 | ||
| 008 | 120229s2011 viesd | ||
| 041 | |a vie | ||
| 072 | |a Nghiên cứu khoa học | ||
| 082 | |a 543.0852 |b LU-H | ||
| 100 | |a Lưu. Thị Thanh Hiền |e Tác giả | ||
| 245 | |a Phân tích, đánh giá khả năng Nitrat hóa của đất trồng rau trên địa bàn thành phố Đà Nẵng bằng phương pháp trắc quang phân tử UV - VIS |c Lưu. Thị Thanh Hiền | ||
| 260 | |a Đà Nẵng |b ĐH Sư phạm Đà Nẵng |c 2011 | ||
| 300 | |a 36 tr |c 29 cm | ||
| 490 | |a Nghiên cứu khoa học. | ||
| 500 | |a Khoa hóa | ||
| 520 | |a Các phương pháp xác định hàm lượng Nitrat, phương pháp trắc quang phân tử UV - VIS, tài nguyên đất và nitơ trong đất. Xác định hàm lượng nitrat trong đất khu vực Liên Chiểu, Cẩm Lệ, Hòa Khánh Nam, Hòa Minh - TP. Đà Nẵng... | ||
| 653 | |a Nitrat hóa | ||
| 653 | |a TP. Đà Nẵng | ||
| 653 | |a Trắc quang phân tử UV - VIS | ||
| 653 | |a Đất trồng rau | ||
| 700 | |a Lê Thị Mùi |c ThS. |e Người hướng dẫn | ||
| OWN | |a LSP | ||
| AVA | |a UDN50 |b LSP |d 543.0852 LU-H |e available |t Error 5001 Not defined in file expand_doc_bib_avail. |f 1 |g 0 |h N |i 0 |k 1 | ||
| 999 | |a From the UDN01 | ||
| AVA | |a UDN50 |b LSP |d 543.0852 LU-H |e available |t Error 5001 Not defined in file expand_doc_bib_avail. |f 1 |g 0 |h N |i 0 |k 1 | ||
| TYP | |a Monograph | ||
| TYP | |a Printed language | ||
| 980 | |a Mạng thư viện Đại học Đà Nẵng | ||